1299 1101 1281 1467 1465 1575 1384 1255 1649 1552 1895 1942 1557 1801 1229 1943 1249 1473 1018 1971 1644 1416 1133 1736 1277 1136 1207 1354 1779 1120 1477 1537 1106 1256 1951 1609 1772 1622 1697 1687 1646 1145 1902 1617 1656 1689 1800 1859 1235 1031 1342 1780 1666 1018 1760 1335 1529 1259 1982 1110 1613 1770 1023 1318 1744 1445 1990 1199 1627 1017 1924 1793 1834 1882 1928 1452 1791 1953 1850 1073 1620 1678 1744 1265 1094 1758 1634 1469 1603 1283 1343 1070 1956 1949 1293 1397 1542 1523 1953 BCNSPRNW ULIB Ver.6.0+V

เปลี่ยนเป็นภาษาไทย

Change to English
 แสดงรายละเอียดบรรณานุกรม
  กลับหน้าหลัก

Brief Record : Get Marc (ISO 2709) : E-mail record : QR code < ปิดหน้าต่าง
LEADER : 00000nam 2200000uu 4500
001    13399123895
003     ULIB
008    141214s2556||||th 000 0 tha d
020    ^a9786160409235
060 04 ^aWB537^bอ231
100 0  ^aชองฮยองกี
245 00 ^a77 โรครักษาได้ ด้วยแพทย์แผนโบราณ..(ชุดตำรายาล้ำค่าของหมอโฮจุน)./^cชองฮยองกี
260    ^aกรุงเทพฯ :^bอินสปายร์,^c2556.
300    ^a304 หน้า :^bภาพประกอบ ;^c21 ซม.
505 0  ^aการแพทย์แผนโบราณและการนวดไทย
650  4 ^aยารักษาโรค
650  4 ^aสมุนไพร^xการใช้รักษา
650  4 ^aการแพทย์แผนโบราณ
650  4 ^aการนวด
740 02 ^aการแพทย์แผนโบราณและการนวดไทย
945    ^p195^l0^i22561
945    ^p195^l0^i22562
999    ^aทศพร เกษรทอง
รายการนี้ยังไม่มีแท็ก
คุณยังไม่ได้ล็อกอิน คุณสามารถมีกิจกรรมร่วมกับเว็บไซต์ได้ แต่ต้องล็อกอินก่อน ::
  ล็อกอิน

รายการสื่อสารสนเทศ

ลำดับที่ ประเภท เลขเรียก/บาร์โค้ด สถานที่ สถานะ
1. วิทยาศาสตร์การแพทย์ และสุขภาพ
วิทยาศาสตร์การแพทย์ และสุขภาพ
สถานะ=หนังสือเก่า
WB537 อ231 ฉ.1 
  Barcode: 22561
ห้องสมุดวิทยาเขตนครสวรรค์
►ส่วนจัดเก็บหนังสือเก่า นว.
บนชั้น
  ขอยืม
2. วิทยาศาสตร์การแพทย์ และสุขภาพ
วิทยาศาสตร์การแพทย์ และสุขภาพ
สถานะ=หนังสือเก่า
WB537 อ231 ฉ.2 
  Barcode: 22562
ห้องสมุดวิทยาเขตนครสวรรค์
►ส่วนจัดเก็บหนังสือเก่า นว.
บนชั้น
  ขอยืม

รายการใกล้เคียง
    ผู้แต่ง [ชองฮยองกี]

    หัวเรื่อง [ยารักษาโรค]
    หัวเรื่อง [การแพทย์แผนโบราณ]
    หัวเรื่อง [การนวด]

BibComment


ยังไม่เคยถูกคอมเมนท์

คอมเมนท์ทรัพยากรรายการนี้
  คอมเมนท์: 77 โรครักษาได้ ด..


 Copyright 2026. Bcnsprnw @Library